000 00740nam a22002177a 4500
003 DO-CoUTE
005 20230623090816.0
008 230621b dr ||||| |||| 00| 0 spa d
020 _a978-9945-492-98-9
040 _aDO-CoUTE
_bspa
_cDO-CoUTE
082 _222
_aRD 860.5 B533v 2017
100 1 _aBerroa, Melissa
_eautor
245 1 0 _aVoces del este :
_bCuentos ganadores del certamen de la región este /
_cMelissa Berroa
250 _aPrimera edición
260 _aSanto Domingo, República Dominicana :
_bEditora Nacional,
_c2019
300 _a35 páginas :
_c14x21cm
440 _aFeria regional Hato Mayor 2016
504 _aIncluye referencia bibliográfica e índice
650 4 _aLiteratura Dominicana
942 _2ddc
_cBK
999 _c22791
_d22791